| 000 | 01105nam a2200337Ia 4500 | ||
|---|---|---|---|
| 003 | GCL | ||
| 008 | 140319s9999 xx 000 0 ara d | ||
| 040 |
_aGCL / _cGCL |
||
| 082 | 0 | 4 |
_aق _b916.621 _bع ن |
| 100 | 1 | _aعبدالتواب عبدالحى | |
| 245 | 1 | 0 |
_aالنيل والمستقبل : ماذا جرى للنيل ولمنابعة الاستوائية والاثيوبية / _cعبدالتواب عبدالحى |
| 260 |
_a[S.N] : _bمركز الاهرام للترجمة والنشر ، _c1988 |
||
| 300 | _a270 ص | ||
| 490 | _a | ||
| 650 | 0 | 4 | _aمصر |
| 650 | 0 | 4 | _aافريقيا |
| 650 | 0 | 4 | _aنهر النيل |
| 650 | 0 | 4 | _aالملاحة |
| 650 | 0 | 4 | _aالخرائط |
| 650 | 0 | 4 | _aبحيرة فيكتوريا |
| 650 | 0 | 4 | _aالفيضانات |
| 650 | 0 | 4 | _aالقوى المائية |
| 650 | 0 | 4 | _aدلتا الانهار |
| 650 | 0 | 4 | _aالخزانات |
| 650 | 0 | 4 | _aالسدود |
| 650 | 0 | 4 | _aمنابع |
| 650 | 0 | 4 | _aمصبات |
| 650 | 0 | 4 | _aالاحوال والعادات الاجتماعية |
| 650 | 0 | 4 | _aالكشوف الجغرافية |
| 942 |
_2ddc _cBK |
||
| 999 |
_c31117 _d31117 |
||